Normal view MARC view

Entry Personal Name

Number of records used in: 1

001 - CONTROL NUMBER

  • control field: 1670

003 - CONTROL NUMBER IDENTIFIER

  • control field: DLC

005 - DATE AND TIME OF LATEST TRANSACTION

  • control field: 20200130144644.0

008 - FIXED-LENGTH DATA ELEMENTS

  • fixed length control field: 090205n| acannaabn |n aaa

010 ## - LIBRARY OF CONGRESS CONTROL NUMBER

  • LC control number: n 2009007751

040 ## - CATALOGING SOURCE

  • Original cataloging agency: DLC
  • Language of cataloging: eng
  • Transcribing agency: DLC

100 1# - HEADING--PERSONAL NAME

  • Personal name: Bailey, Bliss N.

670 ## - SOURCE DATA FOUND

  • Source citation: Carr, Houston H. The management of network security, 2009:
  • Information found: e-CIP t.p. (Bliss N. Bailey)

Powered by Koha